| 000 | 01009nam a2200265 a 4500 | ||
|---|---|---|---|
| 001 | 000042023 | ||
| 005 | 20201002035906.0 | ||
| 008 | 131107s1984 sp ac 000 0bspa d | ||
| 020 | _a8434581507 | ||
| 040 |
_aDO-SdBNP _bspa _cBNPHU |
||
| 082 |
_a575 _bD228H |
||
| 100 | 1 |
_aHuxley, Julian, _d1887-1975. _934543 |
|
| 240 | 1 | 0 |
_aCharles Darwin and his worid _lspa |
| 245 | 1 | 0 |
_aDarwin / _cJulian Huxley, H.B.D. Kettlewell; traducción Jesús Fernández Zulaica; prólogo Faustino Cordón. |
| 260 |
_aBarcelona : _bSalvat, _c1984. |
||
| 300 |
_a205 p. : _bil., retrs. ; _c20 cm. |
||
| 490 | 1 |
_aBiblioteca Salvat de grandes biografías; _v5 |
|
| 500 | _aTraducción de: Charles Darwin y su mundo. | ||
| 504 | _aBibliografía : p. 205 | ||
| 600 | 1 | 4 |
_aDARWIN, CHARLES, _d1809-1882 _923703 |
| 700 | 1 | 2 |
_aCordón, Faustino _epról. _962262 |
| 700 | 1 | 2 |
_aFernández Zulaica, Jesús _etr. _931144 |
| 830 | 0 |
_aBiblioteca Salvat de grandes biografías _n5 _968974 |
|
| 910 | _aValidado. Control de calidad MFFEn proceso | ||
| 999 |
_c41512 _d41512 |
||